Statistics for Car Brands without vowels

Click here to take the quiz!

General Stats

  • This quiz has been taken 30 times
  • The average score is 11 of 30

Answer Stats

HintCar Brand% Correct
TSLTesla
100%
LMBRGHNLamborghini
96%
NSSNNissan
96%
BGTTBugatti
92%
MRCDS BNZMercedes Benz
92%
RLLS RCRolls-Royce
92%
SZKSuzuki
92%
LTSLotus
85%
FTFiat
81%
MN CPRMini Cooper
81%
PTRBLTPeterbilt
38%
NFNTInfiniti
35%
STRNSaturn
35%
STSEAT
31%
PLOpel
23%
DAudi
19%
HSPN SZHispano Suiza
15%
SZIsuzu
15%
LPNAlpine
12%
ZRQ MTRSZarooq Motors
4%
ZHNGTNGZhongtong
4%
TLNTAtalanta
0%
XNAxon
0%
CSTLCisitalia
0%
LVElva
0%
NTRMCCNCIntermeccanica
0%
JWJawa
0%
QRSQoros
0%
STRSetra
0%
LNYulon
0%

Score Distribution

Percentile by Number Answered

Percent of People with Each Score

Your Score History

You have not taken this quiz